Statistiques concernant Focus sur: Ron Weasley - Harry Potter

Cliquez ici pour prendre le quiz!

Statistiques générales

  • Ce quiz a été pris 1 929 fois
    (1 554 depuis la dernière actualisation)
  • Le résultat moyen est 26 sur 29

Statistiques - réponses

Informations recherchéesRéponses% Correct
FrèreFred Weasley
99%
FrèreGeorge Weasley
99%
SœurGinny Weasley
99%
EpouseHermione Granger
99%
Ecole fréquentéePoudlard
99%
Vrai prénomRonald
99%
PèreArthur Weasley
98%
MèreMolly Weasley
98%
Espèce de l'animal de compagnieRat
98%
Couleur des cheveuxRoux
98%
FrèrePercy Weasley
97%
FrèreBill Weasley
96%
Maison fréquentéeGryffondor
96%
FrèreCharlie Weasley
95%
Statut du sangSang-Pur
95%
Nom de l'animal de compagnieCroûtard
94%
Poste occupé au QuidditchGardien
94%
Lieu de rencontre avec Harry PotterPoudlard Express
94%
Première apparitionHarry Potter à l'école des sorciers
93%
Espèce de l'animal de compagnieHibou
86%
FilleRose Granger-Weasley
85%
PatronusTerrier
84%
Profession (adulte)Employé au ministère de la Magie/Auror
82%
FilsHugo Granger-Weasley
80%
Acteur l'interprétant dans les filmsRupert Grint
79%
Profession du pèreEmployé au ministère de la Magie
69%
Nom de l'animal de compagnieCoquecigrue
64%
Intérieur de la baguetteCrin de licorne
60%
Bois de la baguetteFrêne/Saule
26%

Distribution des résultats

Percentile par nombre de réponses

% des personnes avec chaque résultat

Votre développement - résultats

Vous n’avez pas pris ce quiz depuis la dernière actualisation